00467nam a2200145Ia 4500008004100000020001800041082001200059100002400071245005400095260001000149500001200159942000700171952012800178999001500306260604s9999 xx 000 0 und d a9781911709916 a970 GRA aGreg grandin935879 0aAmerica América: A New History of the New World bTorva aHistory cBK 00104070aIIMVbIIMVcGENERALd2026-06-04g1899.00l0o970 GRAp004331r2026-06-04 10:21:20v1899.00w2026-06-04yBKBGRA c8713d8713